000 00448 a2200169 4500
020 _a 8177223720
040 _aDLC
_bDLC
082 _a 150.72
100 _aTrochim, William M. K.
245 _aResearch methods
_c William M. K. Trochim
250 _a2nd ed
260 _aNew Delhi
_bBiztantra,
_c2003
300 _aix, 363 p. : ;
_bill.
_c 27 cm.
500 _aIncludes Index
650 _aResearch --Methodology.
942 _cBK
_k150.72 TRO
_2ddc
999 _c7032
_d7032